Welcome to CU Library Online Public Access Catalogue (OPAC)

The race: The christian way in faith and practice (Record no. 4743)

MARC details
000 -LEADER
fixed length control field 00357nam a22001337a 4500
005 - DATE AND TIME OF LATEST TRANSACTION
control field 20250313104804.0
008 - FIXED-LENGTH DATA ELEMENTS--GENERAL INFORMATION
fixed length control field 250313b |||||||| |||| 00| 0 eng d
020 ## - INTERNATIONAL STANDARD BOOK NUMBER
International Standard Book Number 858922487
100 ## - MAIN ENTRY--PERSONAL NAME
Personal name WHITE, John
245 ## - TITLE STATEMENT
Title The race: The christian way in faith and practice
260 ## - PUBLICATION, DISTRIBUTION, ETC.
Place of publication, distribution, etc. Leicester
Name of publisher, distributor, etc. Inter-Varsity Press
Date of publication, distribution, etc. 1984c
300 ## - PHYSICAL DESCRIPTION
Extent 212p
942 ## - ADDED ENTRY ELEMENTS (KOHA)
Source of classification or shelving scheme Library of Congress Classification
Koha item type Books
Suppress in OPAC No
999 ## -
-- 4743
-- 4743
Holdings
Withdrawn status Lost status Source of classification or shelving scheme Damaged status Not for loan Collection Home library Current library Shelving location Date acquired Total checkouts Full call number Barcode Date last seen Copy number Price effective from Koha item type
    Library of Congress Classification     Non-fiction Graduate Library (Christ Temple) Graduate Library (Christ Temple) General stacks 03/13/2025   BV 4501.2 WHI GSCT00000613 03/13/2025 1 03/13/2025 Books
    Library of Congress Classification     Non-fiction Graduate Library (Christ Temple) Graduate Library (Christ Temple) General stacks 03/13/2025   BV 4501.2 WHI GSCT00000614 03/13/2025 2 03/13/2025 Books
© 2023-2024 Copyright: Central University Libraries. All Rights Reserved | Created by: Mahone Tech Office